000 01006nam a2200217Ia 4500
999 _c49616
_d49616
001 16548
003 GE_BSU
005 20250121115643.0
008 181216s1966||||ge |||||||||||||| ||geo||
040 _cGE_BSU
041 _ageo
080 _a82.0 ლ-68
245 _aლიტერატურის თეორიისა და ესთეტიკის საკითხები. 3 = Вопросы эстетики и теории /
_cრედ. მ. დუდუჩავა ; მხატვ. კ. ყარაშვილი
264 _aთბილისი :
_bმეცნიერება,
_c1966.
300 _a222 გვ. ;
_c21 სმ.
541 _h5ლ.
653 _aლიტერატურის თეორიისა და ესთეტიკის საკითხები
700 _aდუდუჩავა, მ.
_eრედაქტორი
_918901
700 _aყარაშვილი, კ.
_eმხატვარი
_924081
942 _cBK
_2udc